Pokémon Odd One Out - Statistics

General Stats
  • This quiz has been taken 172 times
    117 since last reset
  • The average score is 4 of 10
Answer Stats
Question Answer % Correct
Which Pokémon is the odd one out? Wugtrio
78%
Which Pokémon is the odd one out? Aipom
48%
Which Pokémon is the odd one out? Persian
48%
Which Pokémon is the odd one out? Druddigon
46%
Which Pokémon is the odd one out? Slaking
38%
Which Pokémon is the odd one out? Pikachu
34%
Which item is the odd one out? Float Stone
31%
Which Pokémon is the odd one out? Gengar
31%
Which Pokémon is the odd one out? Togepi
31%
Which Pokémon is the odd one out? Raichu
11%
No matching quizzes found
Score Distribution
Percent of People with Each Score
Percentile by Number Answered
Your Score History
You have not taken this quiz since the last reset